000 00812nam a2200289 a 4500
001 32567
003 BD-RjUL
005 20211209051845.0
008 140427s1993 ii 001 0 eng
020 _a8124100217 :
035 _a(BD-RjUL)32656
040 _aDLC
_cDLC
_dDLC
_beng
041 _aeng
082 _a297.09
_bNAR 1993
100 1 _aNaqvi, Saeed.
_999063
245 1 0 _aReflections of an Indian Muslim /
_cSaeed Naqvi.
260 _aNew Delhi :
_bHar-Anand Publications,
_c1993.
300 _a245 p. ;
_c22 cm.
500 _aIncludes index.
520 _aGeneral articles on Indian Muslims.
650 0 _aMuslims
_zIndia.
_999064
650 0 _aHindus
_zIndia.
_999065
650 0 _aCommunalism
_zIndia.
_999066
942 _2ddc
_cBK
999 _c32567
_d32567